MARC details
| 000 -CABECERA |
| campo de control de longitud fija |
01665nam a2200277 a 4500 |
| 001 - NÚMERO DE CONTROL |
| campo de control |
000007343 |
| 005 - FECHA Y HORA DE LA ÚLTIMA TRANSACCIÓN |
| campo de control |
20240311112321.0 |
| 008 - DATOS DE LONGITUD FIJA--INFORMACIÓN GENERAL |
| campo de control de longitud fija |
090908s1999 dr 001 0 spa d |
| 040 ## - FUENTE DE LA CATALOGACIÓN |
| Centro catalogador/agencia de origen |
DO-SdBNP |
| Lengua de catalogación |
spa |
| Centro/agencia transcriptor |
BNPHU |
| 082 ## - NÚMERO DE LA CLASIFICACIÓN DECIMAL DEWEY |
| Número de clasificación |
331.8832 |
| Número de documento/Ítem |
L579a |
| 100 1# - ENTRADA PRINCIPAL--NOMBRE DE PERSONA |
| Nombre de persona |
León, Enrique de |
| 9 (RLIN) |
2049 |
| 245 10 - MENCIÓN DE TÍTULO |
| Título |
20 años de lucha : |
| Resto del título |
FENAMA y ADP / |
| Mención de responsabilidad, etc. |
Enrique de León ; prólogo de Antonio Lokward Artiles. |
| 246 13 - FORMA VARIANTE DE TÍTULO |
| Título propio/Titulo breve |
Veinte años de lucha : |
| Resto del título |
FENAMA y ADP |
| 260 ## - PUBLICACIÓN, DISTRIBUCIÓN, ETC. |
| Lugar de publicación, distribución, etc. |
Santo Domingo, : |
| Nombre del editor, distribuidor, etc. |
Alfa y Omega, |
| Fecha de publicación, distribución, etc. |
1999. |
| 300 ## - DESCRIPCIÓN FÍSICA |
| Extensión |
150 p. ; |
| Dimensiones |
19 cm. |
| 500 ## - NOTA GENERAL |
| Nota general |
Incluye datos biográficos del autor en la contrasolapa. |
| 505 0# - NOTA DE CONTENIDO CON FORMATO |
| Nota de contenido con formato |
A modo de presentación -- |
| Título |
Prólogo: Nunca perder la perspectiva / |
| Mención de responsabilidad |
Antonio Lokward Artiles -- |
| Título |
Introducción -- |
| -- |
Coyunturas en las que surgen FENAMA y la ADP -- |
| -- |
Analogías y diferencias entre FENAMA y la ADP -- |
| -- |
Principales luchas de FENAMA y de la ADP: Resultados y experiencias -- |
| -- |
Vinculación de FENAMA y la ADP con el movimiento sindical y los sectores populares -- |
| -- |
Veinte años de lucha: balance y perspectivas -- |
| Información miscelánea |
Bibliografía -- |
| Título |
Cronología de los principales hechos y actividades del movimiento sindical del personal docente de la República Dominicana, 1961-1980. |
| 590 ## - NOTA LOCAL (RLIN) |
| Nota local |
Inventariado, 2018/VM |
| 650 #4 - PUNTO DE ACCESO ADICIONAL DE MATERIA--TÉRMINO DE MATERIA |
| Término de materia o nombre geográfico como elemento de entrada |
Sindicatos de maestros |
| Subdivisión geográfica |
República Dominicana |
| 9 (RLIN) |
17391 |
| 650 #4 - PUNTO DE ACCESO ADICIONAL DE MATERIA--TÉRMINO DE MATERIA |
| Término de materia o nombre geográfico como elemento de entrada |
Sindicalismo |
| Subdivisión geográfica |
República Dominicana |
| 9 (RLIN) |
7319 |
| 650 #4 - PUNTO DE ACCESO ADICIONAL DE MATERIA--TÉRMINO DE MATERIA |
| Término de materia o nombre geográfico como elemento de entrada |
Asociaciones de maestros |
| Subdivisión geográfica |
República Dominicana |
| Subdivisión general |
Historia |
| 9 (RLIN) |
20421 |
| 700 1# - PUNTO DE ACCESO ADICIONAL--NOMBRE DE PERSONA |
| Nombre de persona |
Lockward Artiles, Antonio, |
| Término indicativo de función/relación |
pról. |
| 9 (RLIN) |
20422 |
| 710 2# - PUNTO DE ACCESO ADICIONAL--NOMBRE DE ENTIDAD CORPORATIVA |
| Nombre de entidad corporativa o nombre de jurisdicción como elemento de entrada |
Asociación Dominicana de Profesores |
| 9 (RLIN) |
77682 |
| 710 2# - PUNTO DE ACCESO ADICIONAL--NOMBRE DE ENTIDAD CORPORATIVA |
| Nombre de entidad corporativa o nombre de jurisdicción como elemento de entrada |
Federación Nacional de Maestros (FENAMA) |
| 9 (RLIN) |
20424 |
| 910 ## - DATOS DE OPCIÓN DEL USUARIO (OCLC) |
| Datos de opción del usuario |
Validado. Control de calidad EMS |